Introduction for research in education/ (Record no. 3133)

MARC details
000 -LEADER
fixed length control field 00700nam a22002177a 4500
003 - CONTROL NUMBER IDENTIFIER
control field OSt
005 - DATE AND TIME OF LATEST TRANSACTION
control field 20250701015239.0
008 - FIXED-LENGTH DATA ELEMENTS--GENERAL INFORMATION
fixed length control field 250618b |||||||| |||| 00| 0 eng d
020 ## - INTERNATIONAL STANDARD BOOK NUMBER
International Standard Book Number 0-534-24665-6
040 ## - CATALOGING SOURCE
Original cataloging agency DWCL - Main lib
Transcribing agency OC
082 ## - DEWEY DECIMAL CLASSIFICATION NUMBER
Classification number Circ. 370.7 A796i 2002
100 ## - MAIN ENTRY--PERSONAL NAME
Personal name Ary , Donald
245 ## - TITLE STATEMENT
Title Introduction for research in education/
Statement of responsibility, etc. Donald Ary [ and two others]
250 ## - EDITION STATEMENT
Edition statement Sixth edition
260 ## - PUBLICATION, DISTRIBUTION, ETC.
Place of publication, distribution, etc. California, USA:
Name of publisher, distributor, etc. Wadsworth Group,
Date of publication, distribution, etc. c2002.
300 ## - PHYSICAL DESCRIPTION
Extent xxvi, 582 pages:
Other physical details illustrations;
Dimensions 25cm.
504 ## - BIBLIOGRAPHY, ETC. NOTE
Bibliography, etc. note Includes appendix, glossry, and index.
700 ## - ADDED ENTRY--PERSONAL NAME
Personal name Jacobs, Lucy Cheser
700 ## - ADDED ENTRY--PERSONAL NAME
Personal name Razavieh, Asghar
942 ## - ADDED ENTRY ELEMENTS (KOHA)
Source of classification or shelving scheme Dewey Decimal Classification
Koha item type Book Circulation
Edition Sixth edition
Call number prefix Circ.
Suppress in OPAC No
952 ## - LOCATION AND ITEM INFORMATION (KOHA)
--
Holdings
Withdrawn status Lost status Source of classification or shelving scheme Damaged status Not for loan Home library Current library Shelving location Date acquired Source of acquisition Total Checkouts Full call number Barcode Date last seen Copy number Price effective from Koha item type Uniform Resource Identifier
    Dewey Decimal Classification     College Library College Library Circulation 04/07/2025 Donation   Circ. 370.7 A796i 2002 54457 06/18/2025 c1 06/18/2025 BK-CIRC